<?xml version='1.0' encoding='UTF-8'?>
  <record xmlns="http://www.loc.gov/MARC21/slim">
    <leader>00000cam a2200000 i 4500</leader>
    <controlfield tag="001">ocm63499146</controlfield>
    <controlfield tag="003">OCoLC</controlfield>
    <controlfield tag="005">20250114011932.4</controlfield>
    <controlfield tag="008">830721s1964    ne            000 0 dut d</controlfield>
    <datafield tag="040" ind1=" " ind2=" ">
      <subfield code="a">NLGGC</subfield>
      <subfield code="b">dut</subfield>
      <subfield code="e">fobidrtb</subfield>
      <subfield code="c">NLGGC</subfield>
      <subfield code="d">NLRIJ</subfield>
      <subfield code="d">OCLCO</subfield>
      <subfield code="d">OCLCL</subfield>
      <subfield code="d">OCLCQ</subfield>
    </datafield>
    <datafield tag="029" ind1="0" ind2=" ">
      <subfield code="a">NLGGC</subfield>
      <subfield code="b">832182192</subfield>
    </datafield>
    <datafield tag="035" ind1=" " ind2=" ">
      <subfield code="a">(OCoLC)63499146</subfield>
    </datafield>
    <datafield tag="245" ind1="0" ind2="0">
      <subfield code="a">Oude kaarten en globes uit het bezit van de Universiteitsbibliotheek, het Universiteitsmuseum en het Geografisch Instituut der Rijksuniversiteit te Utrecht :</subfield>
      <subfield code="b">tentoonstelling, 17 dec. 1964-14 jan. 1965 in het Universiteitsmuseum, Utrecht : [catalogus] /</subfield>
      <subfield code="c">[inl. van Johanna Geertruida van Cittert-Eymers ... et al.].</subfield>
    </datafield>
    <datafield tag="246" ind1="3" ind2=" ">
      <subfield code="a">Oude kaarten &amp; globes</subfield>
    </datafield>
    <datafield tag="246" ind1="3" ind2=" ">
      <subfield code="a">Tentoonstelling oude kaarten &amp; globes</subfield>
    </datafield>
    <datafield tag="260" ind1=" " ind2=" ">
      <subfield code="a">Utrecht :</subfield>
      <subfield code="b">Utrechts Universiteits Museum,</subfield>
      <subfield code="c">1964.</subfield>
    </datafield>
    <datafield tag="300" ind1=" " ind2=" ">
      <subfield code="a">29 p., [11] p. pl. :</subfield>
      <subfield code="b">ill. ;</subfield>
      <subfield code="c">29 cm.</subfield>
    </datafield>
    <datafield tag="336" ind1=" " ind2=" ">
      <subfield code="a">tekst</subfield>
      <subfield code="b">txt</subfield>
      <subfield code="2">rdacontent/dut</subfield>
    </datafield>
    <datafield tag="337" ind1=" " ind2=" ">
      <subfield code="a">zonder medium</subfield>
      <subfield code="b">n</subfield>
      <subfield code="2">rdamedia/dut</subfield>
    </datafield>
    <datafield tag="338" ind1=" " ind2=" ">
      <subfield code="a">band</subfield>
      <subfield code="b">nc</subfield>
      <subfield code="2">rdacarrier/dut</subfield>
    </datafield>
    <datafield tag="490" ind1="1" ind2=" ">
      <subfield code="a">Publicatie uit het Geografisch Instituut der Rijksuniversiteit te Utrecht ;</subfield>
      <subfield code="v">nr. 22</subfield>
    </datafield>
    <datafield tag="650" ind1=" " ind2="4">
      <subfield code="a">topografie.</subfield>
    </datafield>
    <datafield tag="650" ind1=" " ind2="4">
      <subfield code="a">cartografische collecties</subfield>
    </datafield>
    <datafield tag="650" ind1=" " ind2="4">
      <subfield code="a">globes</subfield>
    </datafield>
    <datafield tag="650" ind1=" " ind2="4">
      <subfield code="a">atlassen</subfield>
    </datafield>
    <datafield tag="650" ind1=" " ind2="4">
      <subfield code="a">landkaarten.</subfield>
    </datafield>
    <datafield tag="653" ind1=" " ind2="4">
      <subfield code="a">1500-1870</subfield>
    </datafield>
    <datafield tag="700" ind1="1" ind2=" ">
      <subfield code="a">Cittert-Eymers, J.G. van</subfield>
      <subfield code="q">(Johanna Geertruida),</subfield>
      <subfield code="d">1903-1988.</subfield>
      <subfield code="1">https://id.oclc.org/worldcat/entity/E39PBJht3JYmhDKtYx4wW4MVmd</subfield>
    </datafield>
    <datafield tag="758" ind1=" " ind2=" ">
      <subfield code="a">Oude kaarten en globes uit het bezit van de Universiteitsbibliotheek, het Universiteitsmuseum en het Geografisch Instituut der Rijksuniversiteit te Utrecht (Text)</subfield>
      <subfield code="1">https://id.oclc.org/worldcat/entity/E39PD3BQKFcqkHFfDwcpyd76qP</subfield>
      <subfield code="4">https://id.oclc.org/worldcat/ontology/hasWork</subfield>
    </datafield>
    <datafield tag="830" ind1=" " ind2="0">
      <subfield code="a">Publicatie uit het Geografisch Instituut der Rijksuniversiteit te Utrecht.</subfield>
      <subfield code="p">Serie A ;</subfield>
      <subfield code="v">nr. 22.</subfield>
      <subfield code="w">(NL-LeOCL)83058403X</subfield>
    </datafield>
    <datafield tag="936" ind1=" " ind2=" ">
      <subfield code="a">BATCHLOAD</subfield>
    </datafield>
  </record>